| 000 | 00573nam a2200121Ia 4500 | ||
|---|---|---|---|
| 008 | 171212s9999 xx 000 0 und d | ||
| 020 | _a9780833080097 | ||
| 100 | _aTanielian, Terri;Ramchand, Rajeev;Fisher., Michael P.;Sims, Carra S.;Harris, Racine | ||
| 245 |
_cTanielian, Terri;Ramchand, Rajeev;Fisher., Michael P.;Sims, Carra S.;Harris, Racine _aMilitary Caregivers _bCornerstones of Support for Our Nation's Wounded, Ill, and Injured Veterans |
||
| 260 |
_bRAND Corporation _c2013 |
||
| 650 | _aHealth Sciences | ||
| 856 | _uhttp://www.jstor.org/stable/10.7249/j.ctt5hhsrg | ||
| 999 |
_c352326 _d352326 |
||